[Event "Moscow Smyslov-D"]
[Site "Moscow"]
[Date "2025.06.08"]
[Round "7"]
[White "Shevtsov, Evsey"]
[Black "Kovalskiy, Dmirtiy Kir"]
[Result "1/2-1/2"]
[WhiteElo "1400"]
[BlackElo "1501"]
[PlyCount "51"]
[EventDate "2025.06.02"]
[EventType "swiss"]
[EventRounds "8"]
[EventCountry "RUS"]
[SourceTitle "CB29_2025"]
[SourceDate "2025.07.16"]
[SourceVersion "1"]
[SourceVersionDate "2025.07.16"]
[SourceQuality "1"]

1. d4 d5 2. Bf4 f6 3. Nf3 c5 4. e3 Nc6 5. c3 Bg4 6. Be2 Bxf3 7. Bxf3 e5 8. dxe5 fxe5 9. Bg3 Nf6 10. Nd2 e4 11. Be2 Bd6 12. Bb5 Bxg3 13. hxg3 Qb6 14. Bxc6+ Qxc6 15. Qc2 c4 16. b3 b5 17. a4 cxb3 18. Qxb3 bxa4 19. Qxa4 Qxa4 20. Rxa4 Ke7 21. Ke2 Rhc8 22. Rha1 Rxc3 23. Rxa7+ Rxa7 24. Rxa7+ Kf8 25. Ra8+ Kf7 26. Ra7+ 1/2-1/2

[Event "Moscow Smyslov-D"]
[Site "Moscow"]
[Date "2025.06.02"]
[Round "1"]
[White "Shevtsov, Evsey"]
[Black "Fatin, Vasiliy Maks"]
[Result "0-1"]
[WhiteElo "1400"]
[BlackElo "1502"]
[PlyCount "66"]
[EventDate "2025.06.02"]
[EventType "swiss"]
[EventRounds "8"]
[EventCountry "RUS"]
[SourceTitle "CB29_2025"]
[SourceDate "2025.07.16"]
[SourceVersion "1"]
[SourceVersionDate "2025.07.16"]
[SourceQuality "1"]

1. e4 e5 2. Nf3 Nc6 3. Nc3 Nf6 4. d4 exd4 5. Nxd4 Bb4 6. Nxc6 bxc6 7. Bd3 d5 8. exd5 cxd5 9. 0-0 0-0 10. Bg5 Bb7 11. a3 Be7 12. Re1 Qd6 13. Qd2 d4 14. Nb5 Qd5 15. f3 Qd8 16. a4 a6 17. Na3 h6 18. Bf4 Nd5 19. Be4 Bb4 20. Qd1 Bxe1 21. Qxe1 Nxf4 22. Bxb7 Rb8 23. Bxa6 Rxb2 24. Qc1 Rb6 25. Qxf4 Rxa6 26. Nb5 Rc6 27. Nxd4 Rc4 28. Nc6 Rxf4 29. Nxd8 Rxd8 30. Kf2 Ra8 31. a5 Rc4 32. a6 Rxc2+ 33. Ke3 Rb2 0-1